Panorámica y crítica de la epistemología genética de Piaget (Record no. 141726)

MARC details
000 -LEADER
campo de control de longitud fija 00581nam a2200169 i 4500
001 - NÚMERO DE CONTROL
campo de control 141726
003 - IDENTIFICADOR DE NÚMERO DE CONTROL
campo de control ES-MaACL
007 - CAMPO FIJO DE DESCRIPCIÓN FÍSICA--INFORMACIÓN GENERAL
campo de control de longitud fija t|
008 - DATOS DE LONGITUD FIJA--INFORMACIÓN GENERAL
campo de control de longitud fija 070927m19841985sp ||||1| spa d
100 1# - ENTRADA PRINCIPAL--NOMBRE DE PERSONA
Nombre de persona Vuyk, Rita.
9 (RLIN) 115786
245 10 - MENCIÓN DEL TÍTULO
Título Panorámica y crítica de la epistemología genética de Piaget
Resto del título : 1965-1980 /
Mención de responsabilidad, etc. Rita Vuik ; versión de Cristina del Barrio y Antonio Corral.
260 ## - PUBLICACIÓN, DISTRIBUCIÓN, ETC.
Lugar de publicación, distribución, etc. Madrid :
Nombre del editor, distribuidor, etc. Alianza Editorial,
Fecha de publicación, distribución, etc. 1984-85.
300 ## - DESCRIPCIÓN FÍSICA
Extensión 2 v. ;
Dimensiones 20 cm.
700 1# - ENTRADA AGREGADA--NOMBRE PERSONAL
Nombre de persona Barrio, Cristina del.
9 (RLIN) 25992
700 1# - ENTRADA AGREGADA--NOMBRE PERSONAL
Nombre de persona Corral, Antonio.
9 (RLIN) 40705
852 ## - LOCALIZACIÓN
Ubicación ES-MaACL
Número de control de estantería L-8451-2
Sublocalización o colección R.109009
Holdings
Estatus retirado Estado de pérdida Estado de daño No para préstamo Biblioteca de origen Biblioteca actual Ubicación en estantería Fecha de adquisición Fuente de adquisición Total de préstamos Signatura topográfica completa Código de barras Visto por última vez Precio de reemplazo Tipo de ítem Koha
        Biblioteca del Ateneo de Madrid Biblioteca del Ateneo de Madrid Depósito 2 17/01/2008     L-8451-2 1147469 23/02/2023 23/02/2023 Libro impreso